[Event "ch-ISL 2015"]
[Site "Reykjavik ISL"]
[Date "2015.05.21"]
[Round "8.1"]
[White "Kjartansson, Gudmundur"]
[Black "Thorfinnsson, Bjorn"]
[Result "1/2-1/2"]
[WhiteTitle "IM"]
[BlackTitle "IM"]
[WhiteElo "2474"]
[BlackElo "2407"]
[WhiteFideId "2301318"]
[BlackFideId "2300982"]
[EventDate "2015.05.14"]

1. e4 e5 2. Nf3 Nc6 3. Bb5 Nge7 4. Nc3 a6 5. Bc4 Ng6 6. d4 exd4 7. Nxd4 Bc5 8.
Be3 Nh4 9. Nxc6 Nxg2+ 10. Ke2 bxc6 11. Bxc5 Qg5 12. Bd6 cxd6 13. Qxd6 Nf4+ 14.
Ke1 h5 15. Ne2 Nxe2 16. Bxe2 Rh6 17. Qg3 Qa5+ 18. c3 Kf8 19. Kd2 d5 20. Rhg1 Rg6
21. Qe5 Bg4 22. f3 Re8 23. Qf4 Qb6 24. b3 Bf5 25. Rxg6 Bxg6 26. exd5 Qf2 27. Re1
Rd8 28. d6 Qc5 29. Bc4 Rxd6+ 30. Ke2 a5 31. Rd1 Rxd1 32. Kxd1 Kg8 33. Qd4 Qf5
34. Ke2 Qh3 35. Qf2 Kh7 36. Bd3 Qe6+ 37. Qe3 Bxd3+ 38. Kxd3 Qd6+ 39. Qd4 Qxh2
40. Qe4+ g6 41. Qxc6 Qxa2 42. Qd5 Qb1+ 43. Kd2 f5 44. Qf7+ Kh6 45. f4 h4 46. Qf6
Qb2+ 47. Kd3 Qb1+ 48. Kd2 Qb2+ 1/2-1/2

[Event "ch-ISL 2015"]
[Site "Reykjavik ISL"]
[Date "2015.05.21"]
[Round "8.2"]
[White "Stefansson, Hannes"]
[Black "Thorfinnsson, Bragi"]
[Result "1/2-1/2"]
[WhiteTitle "GM"]
[BlackTitle "IM"]
[WhiteElo "2590"]
[BlackElo "2416"]
[WhiteFideId "2300087"]
[BlackFideId "2300958"]
[EventDate "2015.05.14"]

1. d4 e6 2. g3 f5 3. Bg2 Nf6 4. Nf3 c6 5. O-O d5 6. c4 Bd6 7. b3 Qe7 8. Bb2 b6
9. Qc1 Bb7 10. Ba3 Nbd7 11. Bxd6 Qxd6 12. Qb2 O-O 13. Ne5 Ne4 14. Nd3 a5 15. Na3
Qe7 16. Rac1 Qf6 17. Rc2 Rfd8 18. Rfc1 h5 19. Nb1 h4 20. Nd2 hxg3 21. hxg3 c5
22. e3 cxd4 23. exd4 Ba6 24. Nf3 dxc4 25. bxc4 Rab8 26. Nfe5 Bb7 27. Nxd7 Rxd7
28. Ne5 Rd6 29. c5 bxc5 30. dxc5 Rdd8 31. Qa1 Bd5 32. c6 Rdc8 33. c7 Rb7 34.
Bxe4 Bxe4 35. Rc5 Qh6 36. f3 Qe3+ 37. Kg2 Qd2+ 38. Kh3 Qh6+ 39. Kg2 Qd2+ 40. Kh3
Qh6+ 41. Kg2 1/2-1/2

[Event "ch-ISL 2015"]
[Site "Reykjavik ISL"]
[Date "2015.05.21"]
[Round "8.3"]
[White "Danielsen, Henrik"]
[Black "Gretarsson, Hjorvar Steinn"]
[Result "0-1"]
[WhiteTitle "GM"]
[BlackTitle "GM"]
[WhiteElo "2520"]
[BlackElo "2561"]
[WhiteFideId "1400185"]
[BlackFideId "2302241"]
[EventDate "2015.05.14"]

1. Nf3 Nf6 2. g3 b6 3. Bg2 Bb7 4. O-O e6 5. b3 d5 6. Bb2 c5 7. e3 Nbd7 8. d3 Be7
9. Nbd2 O-O 10. c4 Qc7 11. Qe2 dxc4 12. bxc4 Nb8 13. Rfd1 Nc6 14. Ne1 Rad8 15.
f4 Nd7 16. Ne4 f5 17. Nc3 Bf6 18. Nf3 a6 19. h4 Rfe8 20. Ng5 Nf8 21. g4 Ne7 22.
Bxb7 Qxb7 23. h5 Bxg5 24. fxg5 Qc7 25. Qf2 Nd7 26. gxf5 exf5 27. Rd2 Ne5 28. Qf4
Qd6 29. Rad1 Qe6 30. e4 Rf8 31. Nd5 N7c6 32. Re2 fxe4 33. Qxe4 Rf5 34. Rg2 Nf3+
35. Kh1 Qf7 36. Qg4 Rxg5 37. Nf6+ gxf6 38. Qxf3 Nd4 39. Bxd4 Rxd4 40. Rf1 Rh4+
41. Kg1 h6 42. Rf2 Kg7 43. Qc6 Qe7 44. Rxg5+ hxg5 45. Kg2 Qe5 46. Qb7+ Kh6 47.
Kf1 Qa1+ 48. Ke2 Qb2+ 49. Kf1 Qc1+ 50. Ke2 Qc2+ 51. Ke3 Rh3+ 0-1

[Event "ch-ISL 2015"]
[Site "Reykjavik ISL"]
[Date "2015.05.21"]
[Round "8.4"]
[White "Sigfusson, Sigurdur"]
[Black "Ptacnikova, Lenka"]
[Result "0-1"]
[WhiteTitle "FM"]
[BlackTitle "WGM"]
[WhiteElo "2319"]
[BlackElo "2284"]
[WhiteFideId "2300168"]
[BlackFideId "305650"]
[EventDate "2015.05.14"]

1. e4 d6 2. d4 Nf6 3. Nc3 e5 4. dxe5 dxe5 5. Qxd8+ Kxd8 6. Bc4 Be6 7. Bxe6 fxe6
8. Bg5 Bd6 9. O-O-O Ke7 10. Nge2 a6 11. h3 b5 12. f3 Nd7 13. Rhf1 Nc5 14. Rde1
Rhb8 15. Ng3 h6 16. Be3 a5 17. Nge2 a4 18. f4 Ncd7 19. Ng3 exf4 20. Bxf4 Bxf4+
21. Rxf4 Ne5 22. Re3 c6 23. Rf1 Rf8 24. Rd1 Nfd7 25. Re2 Rf7 26. Red2 Nb6 27.
Re2 Raf8 28. a3 Nbc4 29. Nb1 g6 30. b3 Nb6 31. Kb2 h5 32. Nd2 h4 33. Nh1 g5 34.
Ree1 axb3 35. Kxb3 Ra8 36. Rf1 Rxf1 37. Rxf1 Nbc4 38. Nb1 Ra4 39. Re1 Na5+ 40.
Kc3 Nec4 41. e5 c5 42. Nf2 Nxa3 43. Nd2 N3c4 44. Nb3 Ra3 45. Ne4 b4+ 46. Kd3
Nxe5+ 47. Ke2 Nxb3 48. cxb3 Rxb3 49. Nxc5 Rc3 50. Na4 Rg3 51. Nc5 Ng6 52. Kf1
Nf4 53. Rb1 Nxg2 54. Rxb4 Nf4 55. Rb7+ Kf8 56. Ne4 Rf3+ 57. Kg1 Nxh3+ 58. Kh2 g4
59. Rh7 Re3 60. Nf6 Re2+ 61. Kh1 g3 62. Rh8+ Ke7 63. Rh7+ Kd8 64. Rh8+ Kc7 65.
Nd5+ Kd6 66. Rd8+ Ke5 0-1

[Event "ch-ISL 2015"]
[Site "Reykjavik ISL"]
[Date "2015.05.21"]
[Round "8.5"]
[White "Arnason, Jon L"]
[Black "Hjartarson, Johann"]
[Result "1-0"]
[WhiteTitle "GM"]
[BlackTitle "GM"]
[WhiteElo "2499"]
[BlackElo "2566"]
[WhiteFideId "2300036"]
[BlackFideId "2300044"]
[EventDate "2015.05.14"]

1. e4 e5 2. Nf3 Nc6 3. Bb5 a6 4. Ba4 Nf6 5. O-O Be7 6. Re1 b5 7. Bb3 d6 8. c3
O-O 9. h3 Na5 10. Bc2 c5 11. d4 Qc7 12. Nbd2 Bd7 13. Nf1 Rfe8 14. Ne3 g6 15. b3
Bf8 16. d5 c4 17. b4 Nb7 18. a4 a5 19. Ra3 bxa4 20. Bd2 Rec8 21. Qb1 Nh5 22. h4
axb4 23. cxb4 Bh6 24. g3 Nf6 25. Ng5 Bb5 26. Bd1 Qd7 27. Kg2 Bg7 28. Bc3 h6 29.
Nf3 Rf8 30. Nd2 Nh7 31. Bg4 Qc7 32. Be2 h5 33. Qa2 f5 34. exf5 gxf5 35. Bxh5
Rac8 36. Qc2 f4 37. Nf5 Nf6 38. Bf3 fxg3 39. fxg3 Qf7 40. Ne4 Nh5 41. Bg4 Bd7
42. Rf1 Kh8 43. Qd1 Nf6 44. Nfxd6 Nxd6 45. Nxd6 Qxd5+ 46. Qxd5 Nxd5 47. Rxf8+
Rxf8 48. Bxd7 Ne3+ 49. Kh3 Rf1 50. Bc6 1-0

[Event "ch-ISL 2015"]
[Site "Reykjavik ISL"]
[Date "2015.05.21"]
[Round "8.6"]
[White "Steingrimsson, Hedinn"]
[Black "Jensson, Einar Hjalti"]
[Result "1-0"]
[WhiteTitle "GM"]
[BlackTitle "FM"]
[WhiteElo "2532"]
[BlackElo "2359"]
[WhiteFideId "2300117"]
[BlackFideId "2301067"]
[EventDate "2015.05.14"]

1. Nf3 d5 2. g3 c5 3. Bg2 Nc6 4. d4 e6 5. O-O Nf6 6. c4 dxc4 7. dxc5 Qxd1 8.
Rxd1 Bxc5 9. Nbd2 Ke7 10. Nxc4 Rd8 11. Rxd8 Nxd8 12. Nfe5 Bd7 13. Nxd7 Nxd7 14.
Na5 Rb8 15. Bg5+ f6 16. Bd2 Ne5 17. Rc1 Bd6 18. Be3 Ndc6 19. Bxc6 bxc6 20. f4
Bc7 21. Nxc6+ Nxc6 22. Rxc6 Kd7 23. Rc2 Bb6 24. Kf2 h5 25. Kf3 Bxe3 26. Kxe3 Rb5
27. b3 g5 28. Rc4 g4 29. Kd3 a5 30. Rd4+ Kc6 31. Rd8 h4 32. gxh4 a4 33. bxa4 Rh5
34. Rb8 Rxh4 35. a5 Rh3+ 36. Kd4 Ra3 37. Rb6+ Kd7 38. a6 f5 39. Ke5 Rxa2 40.
Rd6+ Kc7 41. Rxe6 Rxe2+ 42. Kxf5 Rxh2 43. Kxg4 Kd7 44. f5 Rg2+ 45. Kf4 Ra2 46.
Ke5 Kd8 47. Kf6 Ra5 48. Kg6 Kd7 49. Rb6 Kc7 50. Rf6 Kd8 51. a7 Ke8 52. Rf7 Ra1
53. Rb7 1-0

[Event "ch-ISL 2015"]
[Site "Reykjavik ISL"]
[Date "2015.05.22"]
[Round "9.1"]
[White "Jensson, Einar Hjalti"]
[Black "Kjartansson, Gudmundur"]
[Result "1-0"]
[WhiteTitle "FM"]
[BlackTitle "IM"]
[WhiteElo "2359"]
[BlackElo "2474"]
[WhiteFideId "2301067"]
[BlackFideId "2301318"]
[EventDate "2015.05.14"]

1. e4 e5 2. Nf3 Nc6 3. Bc4 Bc5 4. c3 Nf6 5. d4 exd4 6. cxd4 Bb4+ 7. Bd2 Nxe4 8.
Bxb4 Nxb4 9. Bxf7+ Kxf7 10. Qb3+ d5 11. Ne5+ Ke6 12. Qxb4 Qf8 13. Qxf8 Rxf8 14.
f3 c5 15. Na3 cxd4 16. Nd3 Nd6 17. O-O-O Nf5 18. Nb5 Kf6 19. Nf4 Bd7 20. Nxd5+
Ke5 21. Nbc3 Bc6 22. Rhe1+ Kd6 23. Ne3 Kc5 24. Nxf5 Rxf5 25. Ne4+ Bxe4 26. Rxe4
Rg5 27. g3 Rd8 28. Kc2 Rf5 29. Rd3 Rd7 30. h4 b6 31. f4 g6 32. Rd2 Kc4 33. b3+
Kc5 34. Kd3 Rfd5 35. Re6 Kb4 36. Re4 b5 37. Re5 R5d6 38. g4 Rc7 39. Ke4 a5 40.
f5 gxf5+ 41. gxf5 Rc1 42. Rxd4+ Rxd4+ 43. Kxd4 a4 44. bxa4 bxa4 45. f6 Rf1 46.
Re4 Rf5 47. Ke3+ Kc5 48. Rf4 Rxf4 49. Kxf4 Kd6 50. a3 Ke6 51. Kg5 Kf7 52. Kf5
Ke8 53. Ke6 Kf8 54. h5 Ke8 55. f7+ Kf8 56. Kf6 1-0

[Event "ch-ISL 2015"]
[Site "Reykjavik ISL"]
[Date "2015.05.22"]
[Round "9.2"]
[White "Hjartarson, Johann"]
[Black "Steingrimsson, Hedinn"]
[Result "0-1"]
[WhiteTitle "GM"]
[BlackTitle "GM"]
[WhiteElo "2566"]
[BlackElo "2532"]
[WhiteFideId "2300044"]
[BlackFideId "2300117"]
[EventDate "2015.05.14"]

1. e4 c5 2. Nf3 d6 3. d4 cxd4 4. Nxd4 Nf6 5. Nc3 a6 6. Be3 e5 7. Nb3 Be7 8. h3
Be6 9. f4 exf4 10. Bxf4 Nc6 11. Qe2 Ne5 12. O-O-O Nfd7 13. Kb1 O-O 14. g4 Re8
15. Qe3 Bf8 16. g5 b5 17. h4 b4 18. Nd5 a5 19. Qg3 a4 20. Nd4 b3 21. cxb3 axb3
22. Nxb3 Qb8 23. Bh3 Qa7 24. Nc1 Nc5 25. Bxe5 Bxd5 26. exd5 dxe5 27. Qe3 Qb6 28.
Rh2 Rab8 29. h5 e4 30. Rc2 Qd6 31. Rd4 g6 32. hxg6 hxg6 33. Rdc4 Rb5 34. Bf1 Ra5
35. b4 Rb8 36. a3 Qxd5 37. Rh2 Qe5 38. Qh3 Bg7 39. Nb3 Rxa3 40. Rxc5 Rxb3+ 41.
Qxb3 Qxh2 0-1

[Event "ch-ISL 2015"]
[Site "Reykjavik ISL"]
[Date "2015.05.22"]
[Round "9.3"]
[White "Ptacnikova, Lenka"]
[Black "Arnason, Jon L"]
[Result "0-1"]
[WhiteTitle "WGM"]
[BlackTitle "GM"]
[WhiteElo "2284"]
[BlackElo "2499"]
[WhiteFideId "305650"]
[BlackFideId "2300036"]
[EventDate "2015.05.14"]

1. e4 c5 2. Nc3 d6 3. f4 g6 4. Nf3 Bg7 5. Bb5+ Nc6 6. Bxc6+ bxc6 7. d3 Nh6 8.
O-O O-O 9. Qe1 f5 10. e5 Qd7 11. Kh1 Nf7 12. exd6 exd6 13. b3 Nd8 14. Bb2 Ne6
15. Qd2 Bf6 16. Na4 Nd4 17. Qf2 Qg7 18. Rae1 Bd7 19. Re3 Rae8 20. Rxe8 Rxe8 21.
Nxd4 cxd4 22. Bc1 Qe7 23. Kg1 c5 24. Nb2 Bc6 25. Nc4 Bh4 26. g3 Qe6 27. Nd2 Bd8
28. Nf3 Ba5 29. Bd2 Bxd2 30. Qxd2 Qd5 31. Qg2 Qe6 32. Qf2 Qd5 33. Qg2 Bb7 34.
Nh4 Qf7 35. Qf2 Re3 36. Ng2 Qe6 37. Nxe3 dxe3 0-1

[Event "ch-ISL 2015"]
[Site "Reykjavik ISL"]
[Date "2015.05.22"]
[Round "9.4"]
[White "Gretarsson, Hjorvar Steinn"]
[Black "Sigfusson, Sigurdur"]
[Result "1-0"]
[WhiteTitle "GM"]
[BlackTitle "FM"]
[WhiteElo "2561"]
[BlackElo "2319"]
[WhiteFideId "2302241"]
[BlackFideId "2300168"]
[EventDate "2015.05.14"]

1. d4 Nf6 2. Bg5 d5 3. e3 c6 4. Bd3 Nbd7 5. Nf3 e6 6. Nbd2 Be7 7. O-O h6 8. Bh4
O-O 9. Qe2 Re8 10. c3 c5 11. Ne5 Nxe5 12. dxe5 Nd7 13. Bxe7 Qxe7 14. f4 b6 15.
Qh5 Bb7 16. Rf3 f5 17. g4 c4 18. Bc2 d4 19. exd4 Bxf3 20. Nxf3 fxg4 21. Qxg4 Nf8
22. Kh1 b5 23. Rg1 Qb7 24. Be4 1-0

[Event "ch-ISL 2015"]
[Site "Reykjavik ISL"]
[Date "2015.05.22"]
[Round "9.5"]
[White "Thorfinnsson, Bragi"]
[Black "Danielsen, Henrik"]
[Result "0-1"]
[WhiteTitle "IM"]
[BlackTitle "GM"]
[WhiteElo "2416"]
[BlackElo "2520"]
[WhiteFideId "2300958"]
[BlackFideId "1400185"]
[EventDate "2015.05.14"]

1. Nf3 g6 2. c4 Bg7 3. d4 d6 4. Nc3 e5 5. dxe5 dxe5 6. Qxd8+ Kxd8 7. e4 f6 8.
Be3 Be6 9. Be2 Nd7 10. O-O Bh6 11. b4 Bxe3 12. fxe3 Nh6 13. Nd2 c6 14. c5 a5 15.
a3 Ke7 16. Bc4 axb4 17. axb4 b5 18. Bd5 Rxa1 19. Rxa1 Rc8 20. h3 Nf7 21. Ra7 Nd8
22. Nb3 Bf7 23. Na5 Be8 24. Bb3 h5 25. g4 h4 26. g5 fxg5 27. Bd1 Bf7 28. Bg4 Be6
29. Bxe6 Kxe6 30. Nd5 cxd5 31. exd5+ Kxd5 32. Rxd7+ Ke4 33. Kf2 Nc6 34. Nb7 Rf8+
35. Ke2 Kf5 36. Rd1 Ra8 37. Nd6+ Ke6 38. Nxb5 Ra2+ 39. Kf3 Nxb4 40. Rd6+ Ke7 41.
c6 Rc2 42. Rd7+ Kf6 43. c7 e4+ 44. Kxe4 g4 45. Rd8 Rc4+ 46. Rd4 Rc1 47. Rxb4
gxh3 48. Kf3 Kg5 49. Rb1 Rxb1 50. c8=Q Rf1+ 51. Ke2 h2 52. Qh3 Rb1 53. Qg2+ Kh6
54. Qa8 h1=Q 55. Qh8+ Kg5 56. Qe5+ Kg4 57. Qd4+ Kh3 58. Qd7+ Kh2 59. Qd6+ Kg1
60. Nc3 Qg2+ 61. Kd3 Rb2 62. Kd4 0-1

[Event "ch-ISL 2015"]
[Site "Reykjavik ISL"]
[Date "2015.05.22"]
[Round "9.6"]
[White "Thorfinnsson, Bjorn"]
[Black "Stefansson, Hannes"]
[Result "1/2-1/2"]
[WhiteTitle "IM"]
[BlackTitle "GM"]
[WhiteElo "2407"]
[BlackElo "2590"]
[WhiteFideId "2300982"]
[BlackFideId "2300087"]
[EventDate "2015.05.14"]

1. d4 Nf6 2. c4 g6 3. Nc3 d5 4. cxd5 Nxd5 5. e4 Nxc3 6. bxc3 Bg7 7. Be3 c5 8.
Bc4 Qa5 9. Ne2 cxd4 10. Bxd4 O-O 11. Bxg7 Kxg7 12. Qd4+ Kg8 13. O-O Nc6 14. Qe3
Qc7 15. Rfd1 Na5 16. Bb3 b6 17. e5 Ba6 18. e6 Nxb3 19. axb3 Bxe2 20. Rd7 Qc5 21.
Qxe2 Qxc3 22. Raxa7 Rxa7 23. Rxa7 Qxb3 24. Rxe7 Qb1+ 25. Qf1 Qxf1+ 26. Kxf1 fxe6
27. Rb7 h5 28. Ke2 Rf5 29. Rxb6 Kf7 30. g3 Kf6 1/2-1/2

[Event "ch-ISL 2015"]
[Site "Reykjavik ISL"]
[Date "2015.05.23"]
[Round "10.1"]
[White "Kjartansson, Gudmundur"]
[Black "Stefansson, Hannes"]
[Result "1/2-1/2"]
[WhiteTitle "IM"]
[BlackTitle "GM"]
[WhiteElo "2474"]
[BlackElo "2590"]
[WhiteFideId "2301318"]
[BlackFideId "2300087"]
[EventDate "2015.05.14"]

1. Nf3 d5 2. g3 Nf6 3. Bg2 g6 4. c4 Bg7 5. cxd5 Nxd5 6. Nc3 O-O 7. O-O Nc6 8. d4
Nb6 9. e3 Re8 10. Re1 a5 11. h3 a4 12. Rb1 h6 13. Kh2 Kh7 14. Qe2 e5 15. Nxe5
Nxe5 16. dxe5 Bxe5 17. f4 Bg7 18. Qc2 c6 19. b3 axb3 20. axb3 Nd5 21. Rd1 Nxc3
22. Rxd8 Rxd8 23. Rb2 Bf5 24. e4 Bxe4 25. Bxe4 Nxe4 26. Ra2 Nc3 27. Rb2 Ra1 28.
Bd2 Ne4 29. Qxe4 Bxb2 30. Bb4 Ra2 31. h4 Bg7+ 32. Kh3 f5 33. Qe1 h5 34. Bc3 Rd7
35. Bxg7 Rxg7 36. Qe5 Rd7 37. Qe6 Rad2 38. b4 R2d4 39. Qe8 R4d5 40. Qf8 R5d6 41.
Kg2 Re6 42. Kf2 Ree7 43. Qf6 Rc7 44. Qd4 Red7 45. Qe3 c5 46. bxc5 Rd5 47. c6
bxc6 48. Qb6 Rdd7 49. Qc5 Re7 50. Kf3 Re6 51. Kg2 Rd7 52. Kh3 Kg7 53. Qc3+ Rf6
54. Qe5 Kf7 55. Qc3 Rc7 56. Qa5 Rd7 57. Qe5 Rfd6 58. Qc3 Re7 59. Qc5 Rde6 60.
Qd4 Kg8 61. Qc5 Rd7 62. Qb4 Kh7 63. Qc4 Rd5 64. Qb4 Rd7 65. Qc4 Red6 66. Qc5 Kg8
67. Qc4+ Kf8 68. Qc3 Ke7 69. Qg7+ Kd8 70. Qh8+ Kc7 71. Qe5 Kc8 72. Qh8+ Rd8 73.
Qe5 R8d7 74. Qh8+ Kb7 75. Qb2+ Kc7 76. Qe5 Rf7 77. Qa5+ Kd7 78. Qa7+ Ke8 79.
Qb8+ Ke7 80. Qa7+ Kf6 81. Qb8 Rfd7 82. Qh8+ Ke7 83. Qg7+ 1/2-1/2

[Event "ch-ISL 2015"]
[Site "Reykjavik ISL"]
[Date "2015.05.23"]
[Round "10.2"]
[White "Danielsen, Henrik"]
[Black "Thorfinnsson, Bjorn"]
[Result "0-1"]
[WhiteTitle "GM"]
[BlackTitle "IM"]
[WhiteElo "2520"]
[BlackElo "2407"]
[WhiteFideId "1400185"]
[BlackFideId "2300982"]
[EventDate "2015.05.14"]

1. d3 d5 2. Nd2 Nf6 3. e4 Nc6 4. Ngf3 e5 5. Be2 g5 6. h3 Rg8 7. c3 Bc5 8. b4 Bd6
9. a3 h5 10. g3 h4 11. g4 Ne7 12. Qc2 a5 13. Nb3 axb4 14. cxb4 Ng6 15. Bxg5 Be7
16. Nxh4 Nf8 17. Nf3 Ng6 18. Rg1 Bd7 19. Bd2 Rh8 20. Rg3 Bc6 21. exd5 Bxd5 22.
Nc5 Nd7 23. Ne4 Nf4 24. Bf1 Ne6 25. Qb2 f6 26. Be3 b6 27. Nfd2 Ra4 28. Nc3 Qa8
29. Nxa4 Qxa4 30. Ne4 Qa8 31. Rc1 Bd6 32. Rg1 Bxe4 33. dxe4 Nf4 34. f3 Rxh3 35.
Bxh3 Nd3+ 0-1

[Event "ch-ISL 2015"]
[Site "Reykjavik ISL"]
[Date "2015.05.23"]
[Round "10.4"]
[White "Arnason, Jon L"]
[Black "Gretarsson, Hjorvar Steinn"]
[Result "1/2-1/2"]
[WhiteTitle "GM"]
[BlackTitle "GM"]
[WhiteElo "2499"]
[BlackElo "2561"]
[WhiteFideId "2300036"]
[BlackFideId "2302241"]
[EventDate "2015.05.14"]

1. e4 c5 2. Nf3 d6 3. d4 cxd4 4. Nxd4 Nf6 5. Nc3 a6 6. Bg5 Nbd7 7. Bc4 e6 8. a4
Qa5 9. Qd2 Be7 10. Ba2 h6 11. Be3 Ng4 12. Nb3 Qc7 13. Bd4 Nge5 14. Qe2 Bf6 15.
Nd2 Nc5 16. O-O Ned7 17. Bxf6 Nxf6 18. Nc4 O-O 19. Rfd1 Bd7 20. a5 Na4 21. Nxa4
Bxa4 22. Nb6 Qxc2 23. Qxc2 Bxc2 24. Rd2 Bxe4 25. Nxa8 Rxa8 26. Rxd6 Bc6 27. Rd2
Kf8 28. Rc1 Ke7 29. Bc4 Ne4 30. Rdd1 Nf6 31. Be2 Nd5 32. Bf3 Kd6 33. Rd4 Rb8 34.
Rdc4 Kd7 35. Bxd5 exd5 36. Rf4 f6 37. f3 Kd6 38. Kf2 Bd7 39. h4 Re8 40. Rc2 Bb5
41. h5 Bd7 42. Rb4 Bb5 43. Rg4 Re7 44. Rd4 Re8 45. Rcd2 Bc6 46. g4 Rb8 47. Kg3
b6 48. axb6 Rxb6 49. Kf4 a5 50. Kf5 Ke7 51. Rxd5 Bxd5 52. Rxd5 a4 53. Ra5 Kf7
54. Ra7+ Kg8 55. Kg6 f5+ 56. Kxf5 Rxb2 57. Rxa4 Rb5+ 58. Kf4 Kf7 59. Rd4 Kf6 60.
Rd6+ Ke7 61. Rc6 Kf7 62. Ke4 Rb4+ 63. Ke5 Rb5+ 64. Kd4 Rb1 65. Rc5 Kf6 66. Rf5+
Ke6 67. Ke3 Rb3+ 68. Kf4 Rb4+ 69. Kg3 Ke7 70. f4 Ke6 71. Rc5 Rb3+ 72. Kf2 Rb2+
73. Kf3 Rb3+ 74. Ke4 Rb4+ 75. Ke3 Rb3+ 76. Kd4 Rg3 77. Rc6+ Kf7 78. Rg6 Ra3 79.
g5 hxg5 80. Rxg5 1/2-1/2

[Event "ch-ISL 2015"]
[Site "Reykjavik ISL"]
[Date "2015.05.23"]
[Round "10.5"]
[White "Steingrimsson, Hedinn"]
[Black "Ptacnikova, Lenka"]
[Result "1-0"]
[WhiteTitle "GM"]
[BlackTitle "WGM"]
[WhiteElo "2532"]
[BlackElo "2284"]
[WhiteFideId "2300117"]
[BlackFideId "305650"]
[EventDate "2015.05.14"]

1. Nf3 Nf6 2. c4 c5 3. Nc3 d5 4. cxd5 Nxd5 5. d4 Nxc3 6. bxc3 g6 7. e4 Bg7 8.
Rb1 O-O 9. Be2 cxd4 10. cxd4 Qa5+ 11. Bd2 Qxa2 12. O-O Qe6 13. Qc2 Qd7 14. d5
Na6 15. Bf4 b6 16. Ne5 Bxe5 17. Bxe5 Nc5 18. Bb5 Qd8 19. Ba1 Ba6 20. Bxa6 Nxa6
21. Rfd1 Nc5 22. Qb2 f6 23. e5 Nd7 24. f4 Qc8 25. Rbc1 Nc5 26. d6 e6 27. d7 Qc7
28. exf6 Rf7 29. Qe5 Qd8 30. Rxc5 bxc5 31. Qxe6 a5 32. h4 a4 33. h5 a3 34. Qe4
Rb8 35. hxg6 hxg6 36. Qxg6+ Kf8 37. Rd5 Qxd7 38. Rxd7 Rxd7 39. Qh6+ Kf7 40. Qh7+
Ke6 41. Qh3+ Kd6 42. Be5+ Kc6 43. Qe6+ 1-0

[Event "ch-ISL 2015"]
[Site "Reykjavik ISL"]
[Date "2015.05.23"]
[Round "10.6"]
[White "Jensson, Einar Hjalti"]
[Black "Hjartarson, Johann"]
[Result "0-1"]
[WhiteTitle "FM"]
[BlackTitle "GM"]
[WhiteElo "2359"]
[BlackElo "2566"]
[WhiteFideId "2301067"]
[BlackFideId "2300044"]
[EventDate "2015.05.14"]

1. e4 g6 2. d4 Bg7 3. Nc3 d6 4. f4 a6 5. Nf3 b5 6. Bd3 Nd7 7. e5 c5 8. Be4 Rb8
9. Be3 b4 10. Ne2 Qc7 11. c3 bxc3 12. bxc3 Nh6 13. h3 O-O 14. O-O Nb6 15. Ng3 f5
16. Bc2 Nf7 17. Qe2 Nd5 18. Bb3 Nxe3 19. Qxe3 c4 20. Bc2 e6 21. Rfb1 dxe5 22.
dxe5 Bd7 23. Ne2 Rfc8 24. Rxb8 Rxb8 25. Rb1 Rxb1+ 26. Bxb1 Bc6 27. Ned4 Bd5 28.
Kf1 Bf8 29. Bc2 Qa5 30. a4 Bc5 31. Qd2 Qb6 32. Bd1 Qb1 33. Ne1 Ba3 34. Qc2 Qc1
35. g3 Qe3 36. Bf3 Bxf3 37. Nexf3 Nd8 38. Qd2 Qe4 39. Ng5 Qh1+ 40. Ke2 Bc1 41.
Qe1 Qg2+ 42. Qf2 Qb7 43. Qf3 Qb2+ 44. Kf1 Qb1 45. Qd1 Qb7 46. Ndf3 Nf7 47. Nxe6
Ba3 48. h4 h6 49. Kg2 Be7 50. Qd4 Qc6 51. Ng5 hxg5 52. hxg5 Qxa4 53. Qa7 Qa3 54.
Nh4 Qb2+ 55. Kh3 Qb1 56. Kh2 Qc2+ 57. Kh3 Qe4 58. Kh2 Qe2+ 59. Kh3 Bxg5 60. e6
Qxe6 61. fxg5 Nxg5+ 62. Kh2 Qe2+ 63. Kh1 Qf1+ 64. Kh2 Qh3+ 65. Kg1 Qxg3+ 66. Ng2
Qxc3 67. Qxa6 Qd4+ 68. Kh2 Kg7 69. Qb7+ Nf7 70. Qf3 Ne5 71. Qg3 c3 72. Nf4 Ng4+
73. Kh3 Qe3 0-1

[Event "ch-ISL 2015"]
[Site "Reykjavik ISL"]
[Date "2015.05.24"]
[Round "11.1"]
[White "Hjartarson, Johann"]
[Black "Kjartansson, Gudmundur"]
[Result "0-1"]
[WhiteTitle "GM"]
[BlackTitle "IM"]
[WhiteElo "2566"]
[BlackElo "2474"]
[WhiteFideId "2300044"]
[BlackFideId "2301318"]
[EventDate "2015.05.14"]

1. e4 e5 2. Nf3 Nf6 3. d4 Nxe4 4. Bd3 d5 5. dxe5 Nc5 6. O-O Nxd3 7. Qxd3 Be7 8.
Nc3 c6 9. Re1 Na6 10. Nd4 Nc5 11. Qg3 g6 12. Bh6 Ne6 13. Nce2 Qb6 14. Nxe6 Bxe6
15. b3 O-O-O 16. c3 Rhe8 17. b4 Qb5 18. Be3 Kb8 19. h3 Qc4 20. Nd4 Rd7 21. a4
Ka8 22. Rec1 Bd8 23. a5 a6 24. Bg5 Bxg5 25. Qxg5 Bf5 26. f4 Be4 27. Kh2 h5 28.
Qf6 c5 29. bxc5 Qxc5 30. Ra2 Rc8 31. Qb6 Rdc7 32. e6 fxe6 33. Qxe6 Qe7 34. Qb6
g5 35. f5 Rxc3 36. Rxc3 Rxc3 37. Rb2 Rc7 38. Ne6 Rc6 39. Qd4 Qd6+ 40. g3 h4 41.
Qh8+ Ka7 42. Qd4+ Kb8 43. Qe3 Rc1 0-1

[Event "ch-ISL 2015"]
[Site "Reykjavik ISL"]
[Date "2015.05.24"]
[Round "11.2"]
[White "Gretarsson, Hjorvar Steinn"]
[Black "Steingrimsson, Hedinn"]
[Result "0-1"]
[WhiteTitle "GM"]
[BlackTitle "GM"]
[WhiteElo "2561"]
[BlackElo "2532"]
[WhiteFideId "2302241"]
[BlackFideId "2300117"]
[EventDate "2015.05.14"]

1. d4 Nf6 2. c4 e6 3. Nf3 d5 4. Nc3 c5 5. e3 Nc6 6. cxd5 exd5 7. Be2 cxd4 8.
Nxd4 Bd6 9. O-O O-O 10. h3 Re8 11. Nf3 a6 12. b3 Bf5 13. Bb2 Bc7 14. Qd2 Qd6 15.
Rfd1 Rad8 16. Rac1 h5 17. Bd3 Bg4 18. hxg4 hxg4 19. g3 gxf3 20. Bf1 Bb6 21. Re1
Ng4 22. Bh3 Bxe3 23. Rxe3 Nxe3 0-1

[Event "ch-ISL 2015"]
[Site "Reykjavik ISL"]
[Date "2015.05.24"]
[Round "11.3"]
[White "Ptacnikova, Lenka"]
[Black "Jensson, Einar Hjalti"]
[Result "0-1"]
[WhiteTitle "WGM"]
[BlackTitle "FM"]
[WhiteElo "2284"]
[BlackElo "2359"]
[WhiteFideId "305650"]
[BlackFideId "2301067"]
[EventDate "2015.05.14"]

1. d4 Nf6 2. Nf3 e6 3. e3 b6 4. Nbd2 Bb7 5. Bd3 c5 6. c3 Be7 7. O-O O-O 8. Re1
Nc6 9. Qe2 Qc7 10. Nf1 d5 11. Ng3 Rfd8 12. b3 Rac8 13. Bb2 cxd4 14. exd4 Bf8 15.
h4 Qf4 16. Bc1 Qg4 17. Bg5 h6 18. Bd2 Bd6 19. Nf1 Re8 20. Ne3 Qh5 21. g3 g5 22.
hxg5 hxg5 23. Nxg5 Qxg5 24. Nc4 dxc4 25. Bxg5 cxd3 26. Qxd3 Kg7 27. Qf3 Be7 28.
Bf4 Rh8 29. c4 0-1

[Event "ch-ISL 2015"]
[Site "Reykjavik ISL"]
[Date "2015.05.24"]
[Round "11.5"]
[White "Thorfinnsson, Bjorn"]
[Black "Sigfusson, Sigurdur"]
[Result "0-1"]
[WhiteTitle "IM"]
[BlackTitle "FM"]
[WhiteElo "2407"]
[BlackElo "2319"]
[WhiteFideId "2300982"]
[BlackFideId "2300168"]
[EventDate "2015.05.14"]

1. c4 Nf6 2. g3 c6 3. Bg2 d5 4. Nf3 e6 5. O-O Nbd7 6. b3 Be7 7. Bb2 O-O 8. d3 b5
9. e4 dxe4 10. dxe4 bxc4 11. e5 Nd5 12. bxc4 N5b6 13. Qc2 Qc7 14. Nbd2 a5 15.
Rfd1 Ba6 16. Bf1 Nc5 17. Ba3 Nba4 18. Nb3 h6 19. Rd6 Bxd6 20. exd6 Qxd6 21. Qe2
Rfb8 22. Rd1 Nc3 23. Rxd6 Nxe2+ 24. Bxe2 Nxb3 25. Ne5 Na1 26. Rd2 Rd8 27. Bd6
Rab8 28. Rd1 Rb2 29. Bh5 g6 30. Bf3 Nc2 31. Nxc6 Bb7 32. c5 Bxc6 33. Bxc6 Nb4
34. Be4 f5 35. Bf3 Rxa2 36. Rc1 Nd3 37. Rb1 Rc2 38. Be7 Re8 39. Bf6 Rxc5 0-1